Basic skills resource center : the effects of learning strategies training on the development of skills in english as a second language /

Bibliographic Details
Main Author: O'Malley, J. Michael (Author)
Corporate Author: InterAmerica Research Associates (performing organization.)
Format: Government Document eBook
Language:English
Published: Alexandria, Virginia : U.S. Army Research Institute for the Behavioral and Social Science, May 1985.
Series:ARI research note ; 85-51.
Subjects:
Online Access:https://purl.fdlp.gov/GPO/gpo79105

MARC

Tag First Indicator Second Indicator Subfields
LEADER 00000cam a2200000 i 4500
001 in00003863621
006 m o d f
007 cr |||||||||||
008 170706e198505 vaua obt f000 0 eng c
005 20230113213847.6
035 |a (OCoLC)ocn992976335 
040 |a GPO  |b eng  |e rda  |e pn  |c GPO  |d MvI 
042 |a pcc 
043 |a n-us--- 
049 |a WWW 
074 |a 0330-E-04 (online) 
086 0 |a D 101.60/9:85-51 
100 1 |a O'Malley, J. Michael,  |0 http://id.loc.gov/authorities/names/n81116749  |e author. 
245 1 0 |a Basic skills resource center :  |b the effects of learning strategies training on the development of skills in english as a second language /  |c J. Michael O'Malley [and four others]. 
246 3 0 |a Effects of learning strategies training on the development of skills in english as a second language 
264 1 |a Alexandria, Virginia :  |b U.S. Army Research Institute for the Behavioral and Social Science,  |c May 1985. 
300 |a 1 online resource (185 unnumbered pages) :  |b illustrations. 
336 |a text  |b txt  |2 rdacontent 
337 |a computer  |b c  |2 rdamedia 
338 |a online resource  |b cr  |2 rdacarrier 
490 1 |a Research note ;  |v 85-51 
588 |a Description based on online resource; title from PDF cover (DTIC, viewed April 17, 2017). 
513 |a Interim report;  |b Feb. 1982-Dec. 1984. 
500 |a "Contracting Officer's Representative, Richard P. Kern." 
500 |a "May 1985." 
500 |a "Performing organization: InterAmerica Research Associates"--Report documentation page. 
500 |a GPO Cataloging Record Distribution Program (CRDP). 
536 |b MDA 903-82-C-0169  |d 2Q162722A791 
504 |a Includes bibliographical references (pages [83-85]). 
610 1 0 |a United States.  |b Army  |0 http://id.loc.gov/authorities/names/n79063202  |x Officials and employees.  |0 http://id.loc.gov/authorities/subjects/sh00005024 
610 1 0 |a United States.  |b Army  |x Information services.  |0 http://id.loc.gov/authorities/subjects/sh85140649 
650 0 |a Adult education  |0 http://id.loc.gov/authorities/subjects/sh85001028  |z United States.  |0 http://id.loc.gov/authorities/names/n78095330 
650 0 |a English language  |x Study and teaching  |0 http://id.loc.gov/authorities/subjects/sh85043705  |z United States.  |0 http://id.loc.gov/authorities/names/n78095330 
650 0 |a Vocational qualifications  |0 http://id.loc.gov/authorities/subjects/sh85144195  |z United States.  |0 http://id.loc.gov/authorities/names/n78095330 
710 2 |a InterAmerica Research Associates,  |0 http://id.loc.gov/authorities/names/n78019759  |e performing organization. 
710 2 |a U.S. Army Research Institute for the Behavioral and Social Sciences,  |0 http://id.loc.gov/authorities/names/n80021398  |e issuing body. 
776 0 8 |i Print version:  |t Basic Skills Resource Center: The Effects of Learning Strategies; Training on the Development of Skills in English as a Second Language  |w (OCoLC)227658915 
830 0 |a ARI research note ;  |0 http://id.loc.gov/authorities/names/no00078847  |v 85-51. 
856 4 0 |u https://purl.fdlp.gov/GPO/gpo79105  |t 0 
999 f f |s bd4d0a11-937e-485c-a3fa-a00db798b8e0  |i 7d0c2fd8-887f-348d-8930-81e3788ec531  |t 0 
952 f f |a Texas A&M University  |b College Station  |c Electronic Resources  |d Available Online  |t 0  |e D 101.60/9:85-51  |h Superintendent of Documents classification 
998 f f |a D 101.60/9:85-51  |t 0  |l Available Online